Jääkiekon olympiamitalistit - Statistics

Yleistilastot
  • Tätä visaa on pelattu 1 806 kertaa
    1 531 viimeisimmän päivityksen jälkeen
  • Keskiarvotulos 10 / 12
Vastaustilastot
Kultaa Hopeaa Pronssia Mitalistimaa % Oikein
14 8 3 Kanada
100%
1 2 9 Suomi
100%
2 4 5 Ruotsi
99%
6 12 2 Yhdysvallat
99%
1 2 1 Venäjä
96%
0 1 2 Saksa / Länsi-Saksa
92%
1 0 1 Tšekki
92%
0 0 1 Slovakia
84%
8 1 1 Neuvostoliitto / Yhdistynyt joukkue
81%
0 0 4 Sveitsi
81%
1 0 1 Iso-Britannia
64%
0 4 4 Tšekkoslovakia
48%
Ehtoja vastaavia visoja ei löytynyt
Tulosjakauma
Jokaisen tuloksen saaneiden osuus
Persentiili vastausten määrän mukaan
Tuloshistoriasi
Et ole pelannut tätä visaa sen viimeisimmän päivityksen jälkeen